[Event "DVM U20 2007"]
[Site "Kelheim GER"]
[Date "2007.12.28"]
[Round "3"]
[White "Geske, Julian"]
[Black "Schneider, David"]
[Result "0-1"]
[Termination "normal"]
[Board "4.1"]
[WhiteElo "2206"]
[BlackElo "2255"]
[WhiteTeam "SV Hofheim"]
[BlackTeam "FSV Großenseebach"]
[PlyCount "180"]
[WhiteFideId "24605263"]
[BlackFideId "4697111"]
[EventCountry "GER"]
[EventRounds "7"]
[EventType "team-swiss"]
[EventDate "2007.12.26"]

1. e4 e5 2. Nf3 Nf6 3. Nxe5 d6 4. Nf3 Nxe4 5. c4 Be7 6. d4 O-O 7. Bd3 Nf6 8.
O-O Bg4 9. h3 Bh5 10. Nc3 Nc6 11. Be3 d5 12. cxd5 Nb4 13. Be2 Nbxd5 14. g4 Bg6
15. Ne5 c6 16. Nxg6 hxg6 17. Bg5 Qd6 18. Bc4 Bd8 19. Qf3 Bc7 20. Rfe1 Nh7 21.
Bd2 Rad8 22. Rad1 Rd7 23. Kf1 Qf6 24. Qxf6 Nhxf6 25. Bg5 Ba5 26. Rd3 Nb6 27.
Bb3 Nh7 28. Be3 c5 29. Rdd1 c4 30. Bc2 Nf6 31. Re2 Bxc3 32. bxc3 Re7 33. Bd2
Rxe2 34. Kxe2 Re8+ 35. Kf3 Nbd5 36. Ba4 Re6 37. Bc2 Rb6 38. Rb1 Kf8 39. Rxb6
Nxb6 40. Kf4 Ke7 41. Bd1 Nfd5+ 42. Ke5 f6+ 43. Ke4 Ke6 44. Bc2 Nc8 45. Kf3 Nce7
46. h4 b5 47. a4 a6 48. axb5 axb5 49. Be4 f5 50. Bc2 Nc6 51. h5 b4 52. hxg6
fxg4+ 53. Kxg4 bxc3 54. Bc1 Nxd4 55. Ba4 c2 56. f4 Nb3 57. f5+ Ke7 58. Ba3+ Kd8
59. Bb5 c1=Q 60. Bxc1 Nxc1 61. Bxc4 Ne3+ 62. Kg5 Ke7 63. Be6 Nd3 64. Ba2 Nc5
65. Bb1 Nd5 66. Ba2 Nf6 67. Bc4 Kd6 68. Kf4 Na4 69. Bb3 Nb6 70. Ba2 Nbd5+ 71.
Kg5 Ke5 72. Bb1 Ne3 73. Bd3 Ng2 74. Bb1 Ne1 75. Kh4 Kf4 76. Ba2 Kxf5 77. Kg3
Nd3 78. Bb1 Ke4 79. Kh4 Ke3 80. Kg5 Nc5 81. Kf5 Kd4 82. Ba2 Nd5 83. Bb1 Ne7+
84. Kg5 Ke5 85. Ba2 Ne4+ 86. Kh5 Kf4 87. Bb1 Nf2 88. Bc2 Nf5 89. Bb1 Ne4 90.
Bxe4 Kxe4 0-1

[Event "DVM U20 2007"]
[Site "Kelheim GER"]
[Date "2007.12.28"]
[Round "3"]
[White "Kirch, Daniel"]
[Black "Dittmann, Moritz"]
[Result "0-1"]
[Termination "normal"]
[Board "4.2"]
[WhiteElo "2030"]
[BlackElo "2084"]
[WhiteTeam "FSV Großenseebach"]
[BlackTeam "SV Hofheim"]
[PlyCount "36"]
[WhiteFideId "24605786"]
[BlackFideId "24647039"]
[EventCountry "GER"]
[EventRounds "7"]
[EventType "team-swiss"]
[EventDate "2007.12.26"]

1. d4 d5 2. c4 e6 3. Nc3 c6 4. Nf3 Nf6 5. Bg5 h6 6. Bh4 dxc4 7. e4 g5 8. Bg3 b5
9. e5 Nd5 10. Nd2 Bb7 11. Nde4 Nd7 12. Be2 Qb6 13. O-O c5 14. dxc5 Bxc5 15. a4
Nxc3 16. Nxc3 Rd8 17. Nxb5 Nxe5 18. Qc2 Qc6 0-1

[Event "DVM U20 2007"]
[Site "Kelheim GER"]
[Date "2007.12.28"]
[Round "3"]
[White "Hartmann, Nicolas"]
[Black "Süß, Stefan"]
[Result "1-0"]
[Termination "normal"]
[Board "4.3"]
[WhiteElo "2003"]
[BlackElo "2004"]
[WhiteTeam "SV Hofheim"]
[BlackTeam "FSV Großenseebach"]
[PlyCount "79"]
[WhiteFideId "24626481"]
[BlackFideId "24606090"]
[EventCountry "GER"]
[EventRounds "7"]
[EventType "team-swiss"]
[EventDate "2007.12.26"]

1. e4 c5 2. Nf3 e6 3. Nc3 a6 4. d4 cxd4 5. Nxd4 d6 6. Bc4 Qc7 7. Bb3 Nf6 8. f4
Be7 9. Qf3 Nc6 10. Be3 Bd7 11. O-O-O Rc8 12. g4 O-O 13. g5 Ne8 14. Rhg1 Nxd4
15. Bxd4 f5 16. gxf6 Bxf6 17. Bxf6 Rxf6 18. Qg3 Kh8 19. f5 b5 20. e5 dxe5 21.
Ne4 Rxf5 22. Nd6 g6 23. Nxc8 Qxc8 24. Qh4 Kg7 25. Rgf1 g5 26. Qg3 Kf6 27. h4 h6
28. hxg5+ hxg5 29. Qh3 Kg6 30. Rh1 Ng7 31. c3 e4 32. Bc2 Bc6 33. Qe3 Nh5 34.
Rd6 Rf4 35. Qh3 Ng7 36. Qh6+ Kf7 37. Qxg5 Rf5 38. Qg3 Bd5 39. Rh7 Rf1+ 40. Bd1
1-0

[Event "DVM U20 2007"]
[Site "Kelheim GER"]
[Date "2007.12.28"]
[Round "3"]
[White "Borel, Markus"]
[Black "Ackermann, Johannes"]
[Result "0-1"]
[Termination "normal"]
[Board "4.4"]
[WhiteElo "1967"]
[BlackElo "1904"]
[WhiteTeam "FSV Großenseebach"]
[BlackTeam "SV Hofheim"]
[PlyCount "74"]
[WhiteFideId "24605522"]
[BlackFideId "24663875"]
[EventCountry "GER"]
[EventRounds "7"]
[EventType "team-swiss"]
[EventDate "2007.12.26"]

1. e4 c5 2. Nc3 Nc6 3. d3 g6 4. g3 Bg7 5. Bg2 d6 6. Nge2 e5 7. Be3 Nf6 8. h3
Be6 9. O-O Qd7 10. Kh2 Ng8 11. Nd5 Nge7 12. Bh6 O-O 13. Bxg7 Kxg7 14. c3 Rad8
15. Qd2 f6 16. f4 Rf7 17. d4 b6 18. Nxe7 Nxe7 19. d5 Bxd5 20. exd5 h5 21. Rae1
Nf5 22. c4 Rh8 23. Be4 Nh6 24. Bg2 f5 25. fxe5 dxe5 26. Nc3 h4 27. gxh4 f4 28.
Qe2 Rf5 29. Ne4 Rh5 30. Ng5 Nf7 31. Ne6+ Kg8 32. Qe4 R8h6 33. Rf3 Rxh4 34. Rg1
g5 35. Qf5 g4 36. Ra3 f3 37. Bf1 Rxh3+ 0-1

[Event "DVM U20 2007"]
[Site "Kelheim GER"]
[Date "2007.12.28"]
[Round "3"]
[White "Sohl, Thies"]
[Black "Hofmann, Benjamin"]
[Result "0-1"]
[Termination "normal"]
[Board "4.5"]
[WhiteElo "1658"]
[BlackElo "2012"]
[WhiteTeam "SV Hofheim"]
[BlackTeam "FSV Großenseebach"]
[PlyCount "69"]
[BlackFideId "24605743"]
[EventCountry "GER"]
[EventRounds "7"]
[EventType "team-swiss"]
[EventDate "2007.12.26"]

1. e4 c5 2. Nf3 Nc6 3. Bb5 d6 4. c3 Qb6 5. Ba4 Bd7 6. O-O Nf6 7. Re1 e5 8. d3
Be7 9. h3 O-O 10. Bg5 h6 11. Bh4 a6 12. Qc1 Rac8 13. Nbd2 Qc7 14. Nc4 b5 15.
Ne3 bxa4 16. Nd5 Qd8 17. Bxf6 Bxf6 18. Nxf6+ Qxf6 19. Nd2 Ne7 20. Nc4 Rb8 21.
Re3 Qe6 22. b3 f5 23. f4 fxe4 24. fxe5 d5 25. Nd2 Nf5 26. Re1 exd3 27. Qa3 c4
28. bxc4 dxc4 29. Kh2 Bc6 30. Qc5 Rb2 31. Ne4 Rb5 32. Qa3 Qxe5+ 33. Kh1 Bxe4
34. Qxa4 Bxg2+ 35. Kxg2 0-1

[Event "DVM U20 2007"]
[Site "Kelheim GER"]
[Date "2007.12.28"]
[Round "3"]
[White "Nemeth-Csoka, Mihaly"]
[Black "Langbein, Till"]
[Result "1-0"]
[Termination "normal"]
[Board "4.6"]
[WhiteElo "1570"]
[BlackElo "1406"]
[WhiteTeam "FSV Großenseebach"]
[BlackTeam "SV Hofheim"]
[PlyCount "83"]
[WhiteFideId "24659436"]
[EventCountry "GER"]
[EventRounds "7"]
[EventType "team-swiss"]
[EventDate "2007.12.26"]

1. e4 g6 2. d4 Bg7 3. Nf3 d6 4. Bc4 Nf6 5. Nc3 a6 6. O-O Bg4 7. h3 Bxf3 8. Qxf3
O-O 9. e5 dxe5 10. dxe5 Nh5 11. e6 Nc6 12. exf7+ Kh8 13. Bg5 Ne5 14. Qe4 Nxc4
15. Qxc4 Qd6 16. Rad1 Qc6 17. Qxc6 bxc6 18. Bxe7 Rxf7 19. Rd8+ Rxd8 20. Bxd8
Nf4 21. Re1 Nd5 22. Nxd5 cxd5 23. Re8+ Bf8 24. Bxc7 Rxc7 25. Rxf8+ Kg7 26. Rd8
Rxc2 27. Rxd5 Rxb2 28. Ra5 Rb1+ 29. Kh2 Rb2 30. Rxa6 Rxf2 31. a4 Ra2 32. a5 Ra3
33. Ra8 h5 34. h4 Ra4 35. g3 Ra2+ 36. Kg1 Ra1+ 37. Kf2 Ra2+ 38. Kf3 Kf7 39. a6
Ra3+ 40. Kf4 Ke6 41. a7 Kd7 42. Rg8 1-0

[Event "DVM U20 2007"]
[Site "Kelheim GER"]
[Date "2007.12.28"]
[Round "3"]
[White "Luo, Xinping"]
[Black "Fuhrmann, Max"]
[Result "1-0"]
[Termination "normal"]
[Board "5.1"]
[WhiteElo "1971"]
[BlackElo "2049"]
[WhiteTeam "Heilbronner SV"]
[BlackTeam "SK Kelheim"]
[PlyCount "119"]
[WhiteFideId "4648951"]
[BlackFideId "24620114"]
[EventCountry "GER"]
[EventRounds "7"]
[EventType "team-swiss"]
[EventDate "2007.12.26"]

1. e4 c6 2. Nc3 d5 3. Nf3 Bg4 4. h3 Bxf3 5. Qxf3 e6 6. Be2 Nf6 7. d3 Bb4 8. Bd2
Qb6 9. e5 Nfd7 10. Qg3 Rg8 11. a3 Bxc3 12. bxc3 Qb2 13. O-O Qxc2 14. Rfd1 Qa4
15. Rdb1 Qa6 16. Kf1 c5 17. d4 c4 18. a4 Nc6 19. Qh4 Nf8 20. Bc1 Rh8 21. Ba3
Ng6 22. Qg5 Rd8 23. h4 Rg8 24. h5 h6 25. Qe3 Nge7 26. f4 Na5 27. Rb5 b6 28. Qf3
Qc8 29. Kf2 Nb3 30. Ra2 Qc6 31. Rxb3 cxb3 32. Bb5 bxa2 33. Bxc6+ Nxc6 34. Qd1
Na5 35. Qa1 Nc4 36. Qxa2 Nxa3 37. Qxa3 g6 38. hxg6 fxg6 39. c4 dxc4 40. Qc3 Kf7
41. Qxc4 Rc8 42. Qb3 Rgd8 43. Qh3 Rc2+ 44. Kg1 Rg8 45. Qh4 Rc7 46. Qf6+ Ke8 47.
Qxe6+ Kf8 48. Qd6+ Re7 49. e6 Rgg7 50. d5 Kg8 51. Qe5 Rc7 52. d6 Rc5 53. Qd4
Rc8 54. e7 Re8 55. Qd5+ Kh7 56. d7 Rexe7 57. d8=Q Rb7 58. Qe6 Rbf7 59. Qee8 g5
60. Qd3+ 1-0

[Event "DVM U20 2007"]
[Site "Kelheim GER"]
[Date "2007.12.28"]
[Round "3"]
[White "Eibl, Maximilian"]
[Black "Geshnizjani, Ramin Tobias"]
[Result "1/2-1/2"]
[Termination "normal"]
[Board "5.2"]
[WhiteElo "1998"]
[BlackElo "2062"]
[WhiteTeam "SK Kelheim"]
[BlackTeam "Heilbronner SV"]
[PlyCount "120"]
[WhiteFideId "24620092"]
[BlackFideId "24633089"]
[EventCountry "GER"]
[EventRounds "7"]
[EventType "team-swiss"]
[EventDate "2007.12.26"]

1. e4 c6 2. d4 d5 3. f3 e6 4. Nc3 Nf6 5. Bg5 Be7 6. Qd2 O-O 7. e5 Nfd7 8. h4 c5
9. f4 cxd4 10. Qxd4 Nc6 11. Qd2 f6 12. exf6 Nxf6 13. O-O-O Qa5 14. Kb1 Bd7 15.
Nf3 b5 16. Bd3 Bb4 17. Bxf6 Rxf6 18. Ng5 Bxc3 19. Bxh7+ Kh8 20. Qxc3 Qxc3 21.
bxc3 Rxf4 22. Bd3 b4 23. g3 Rf2 24. c4 Ne5 25. cxd5 exd5 26. Ba6 Ng4 27. Rhe1
Nf6 28. Bb7 Rb8 29. Bxd5 Bf5 30. Bb3 Rc8 31. Rd8+ Rxd8 32. Nf7+ Kh7 33. Nxd8
Ne4 34. Nc6 Nd2+ 35. Kb2 Nxb3 36. Kxb3 Bxc2+ 37. Kxb4 Bg6 38. a4 Rf3 39. Rg1
Re3 40. Nxa7 Re4+ 41. Ka5 Rg4 42. Nb5 Bc2 43. Ra1 Rxg3 44. Kb6 Bxa4 45. Rxa4 g5
46. Nd6 gxh4 47. Rxh4+ Kg6 48. Rf4 Rg1 49. Kc6 Re1 50. Kd5 Kg5 51. Rf2 Kg6 52.
Ne4 Ra1 53. Rf6+ Kg7 54. Rf3 Kg6 55. Ke6 Ra6+ 56. Nd6 Kg5 57. Rf5+ Kg4 58. Re5
Kf4 59. Rc5 Ra1 60. Rc4+ Kf3 1/2-1/2

[Event "DVM U20 2007"]
[Site "Kelheim GER"]
[Date "2007.12.28"]
[Round "3"]
[White "Seiler, Sascha"]
[Black "Grafl, Pascal"]
[Result "1/2-1/2"]
[Termination "normal"]
[Board "5.3"]
[WhiteElo "2035"]
[BlackElo "1937"]
[WhiteTeam "Heilbronner SV"]
[BlackTeam "SK Kelheim"]
[PlyCount "75"]
[WhiteFideId "24630594"]
[BlackFideId "24634727"]
[EventCountry "GER"]
[EventRounds "7"]
[EventType "team-swiss"]
[EventDate "2007.12.26"]

1. Nf3 Nf6 2. d4 d5 3. c4 c6 4. e3 e6 5. Nc3 Be7 6. Qc2 O-O 7. Ne5 Nbd7 8. Bd3
dxc4 9. Nxc4 b5 10. Ne5 Bb7 11. O-O a6 12. Ne4 Rc8 13. Nxd7 Nxd7 14. Nc5 Nxc5
15. dxc5 h6 16. Rd1 Qc7 17. Bd2 Bf6 18. a4 Rfe8 19. Be4 Re7 20. Bc3 Bxc3 21.
Qxc3 Rd7 22. Rxd7 Qxd7 23. Kf1 Kf8 24. Ke2 Rd8 25. axb5 axb5 26. Bc2 Qd5 27. f3
Qh5 28. h3 Qg5 29. Kf1 Bc8 30. Ra8 b4 31. Qxb4 Qxe3 32. Qc3 Qc1+ 33. Ke2 Qg1
34. Be4 Qxg2+ 35. Ke3 Qg1+ 36. Ke2 Qg2+ 37. Ke3 Qg1+ 38. Ke2 1/2-1/2

[Event "DVM U20 2007"]
[Site "Kelheim GER"]
[Date "2007.12.28"]
[Round "3"]
[White "Bräutigam, Markus"]
[Black "Weissbeck, Simon"]
[Result "1-0"]
[Termination "normal"]
[Board "5.4"]
[WhiteElo "1651"]
[BlackElo "1794"]
[WhiteTeam "SK Kelheim"]
[BlackTeam "Heilbronner SV"]
[PlyCount "93"]
[WhiteFideId "24620076"]
[BlackFideId "24646865"]
[EventCountry "GER"]
[EventRounds "7"]
[EventType "team-swiss"]
[EventDate "2007.12.26"]

1. c4 Nf6 2. Nc3 g6 3. g3 Bg7 4. Bg2 O-O 5. d4 d6 6. Nf3 c5 7. O-O Nc6 8. e3
Bf5 9. b3 Ne4 10. Bb2 Nxc3 11. Bxc3 Qc7 12. Qd2 Rad8 13. Nh4 Bg4 14. h3 Bd7 15.
Rad1 a6 16. dxc5 dxc5 17. Bxg7 Kxg7 18. Rfe1 Kg8 19. Qc3 b6 20. Rd2 Bc8 21.
Red1 Bb7 22. Nf3 Rxd2 23. Rxd2 Rd8 24. Nh2 h5 25. g4 hxg4 26. Nxg4 Kh7 27. Qc1
Rxd2 28. Qxd2 Bc8 29. Qd5 Nd8 30. Qg5 Bxg4 31. hxg4 Qd6 32. f4 Nc6 33. Bxc6
Qxc6 34. Qxe7 Kg8 35. Qd8+ Kg7 36. Qd5 Qc8 37. Qe5+ Kg8 38. f5 Qd7 39. Qd5 Qc8
40. Kf2 Kg7 41. Qe5+ Kh7 42. Qf6 Qd7 43. Kf3 Qd1+ 44. Kf4 Qf1+ 45. Kg5 Qd3 46.
Qxf7+ Kh8 47. Kxg6 1-0

[Event "DVM U20 2007"]
[Site "Kelheim GER"]
[Date "2007.12.28"]
[Round "3"]
[White "Schwarz, Felix"]
[Black "Schiller, Stefan"]
[Result "0-1"]
[Termination "normal"]
[Board "5.5"]
[WhiteElo "1793"]
[BlackElo "1732"]
[WhiteTeam "Heilbronner SV"]
[BlackTeam "SK Kelheim"]
[PlyCount "68"]
[WhiteFideId "4639065"]
[EventCountry "GER"]
[EventRounds "7"]
[EventType "team-swiss"]
[EventDate "2007.12.26"]

1. d4 d5 2. Nf3 c6 3. Bf4 Nf6 4. e3 Bg4 5. Nbd2 e6 6. Bd3 Be7 7. O-O Nbd7 8. c3
Nh5 9. Bg3 Nxg3 10. hxg3 Qc7 11. Qc2 h5 12. Nh2 Bd6 13. e4 g6 14. e5 Be7 15.
Nxg4 hxg4 16. Be2 O-O-O 17. Bxg4 Rh7 18. f4 Rdh8 19. Kf2 Qb6 20. Nf3 c5 21.
Rac1 f5 22. Bh3 Kb8 23. Qb3 Qd8 24. Rfe1 g5 25. fxg5 Bxg5 26. Rcd1 Rg7 27. c4
cxd4 28. Nxd4 Qe8 29. cxd5 Nc5 30. Qb4 Ne4+ 31. Kg1 Be7 32. Nc6+ Qxc6 33. Qxe4
Qb6+ 34. Qd4 Bc5 0-1

[Event "DVM U20 2007"]
[Site "Kelheim GER"]
[Date "2007.12.28"]
[Round "3"]
[White "Müller, Johannes"]
[Black "Huynh, Nhi Lang"]
[Result "0-1"]
[Termination "normal"]
[Board "5.6"]
[WhiteElo "1605"]
[BlackElo "1547"]
[WhiteTeam "SK Kelheim"]
[BlackTeam "Heilbronner SV"]
[PlyCount "76"]
[WhiteFideId "24659479"]
[BlackFideId "24669180"]
[EventCountry "GER"]
[EventRounds "7"]
[EventType "team-swiss"]
[EventDate "2007.12.26"]

1. e4 c5 2. c3 Nc6 3. d4 cxd4 4. cxd4 d6 5. Nc3 a6 6. Be3 Nf6 7. h3 b5 8. a3 g6
9. Rc1 Bb7 10. Nf3 Bg7 11. Bd3 O-O 12. b4 Rc8 13. Qd2 Re8 14. O-O Rc7 15. Rc2
e5 16. d5 Nd4 17. Nxd4 exd4 18. Bxd4 Rce7 19. Bxf6 Bxf6 20. Rfc1 Qb6 21. Ne2
Re5 22. Qf4 Bg5 23. Qf3 Bxc1 24. Rxc1 Rc8 25. Rxc8+ Bxc8 26. Qf6 Qc7 27. f4 Re8
28. Qd4 Qe7 29. Kf2 f5 30. Kf3 fxe4+ 31. Bxe4 Rf8 32. g4 Qh4 33. Kg2 h5 34.
Bxg6 hxg4 35. Qa7 Qxh3+ 36. Kg1 g3 37. Be4 Qh2+ 38. Kf1 Bg4 0-1

[Event "DVM U20 2007"]
[Site "Kelheim GER"]
[Date "2007.12.28"]
[Round "3"]
[White "Siebarth, Raiko"]
[Black "Ohme, Melanie"]
[Result "1/2-1/2"]
[Termination "normal"]
[Board "6.1"]
[BlackTitle "WFM"]
[WhiteElo "2246"]
[BlackElo "2274"]
[WhiteTeam "SG Blau-Weiß Stadtilm"]
[BlackTeam "SC Leipzig-Gohlis"]
[PlyCount "113"]
[WhiteFideId "4674766"]
[BlackFideId "4690745"]
[EventCountry "GER"]
[EventRounds "7"]
[EventType "team-swiss"]
[EventDate "2007.12.26"]

1. b3 b6 2. Bb2 Bb7 3. Nf3 Nf6 4. d3 d5 5. Nbd2 e6 6. g3 Be7 7. Bg2 O-O 8. O-O
c5 9. Re1 Nc6 10. e4 d4 11. Nf1 e5 12. h3 b5 13. a4 a6 14. c4 dxc3 15. Bxc3 Qc7
16. Ne3 Nd4 17. Nf5 Rfe8 18. Bxd4 cxd4 19. Rc1 Qb8 20. Nxe7+ Rxe7 21. Qd2 Qd6
22. Qa5 Qa3 23. Rc7 Rc8 24. Rxe7 Qxe7 25. axb5 Rc5 26. Qb4 axb5 27. Kh2 Qc7 28.
Re2 g6 29. Ra2 Ne8 30. Qa5 Qxa5 31. Rxa5 Nd6 32. b4 Rc2 33. Nxe5 Rxf2 34. Nf3
Rb2 35. Nxd4 Rxb4 36. Nf3 Rb2 37. Kg1 b4 38. Ra7 b3 39. e5 Bxf3 40. Bxf3 Nb5
41. Rb7 Nd4 42. Bd5 Ne2+ 43. Kf1 Nxg3+ 44. Ke1 Re2+ 45. Kd1 Rxe5 46. Bxf7+ Kh8
47. Bxb3 Rh5 48. Be6 Nf5 49. Bxf5 gxf5 50. Ke2 Rxh3 51. d4 Kg8 52. d5 Kf8 53.
d6 Ke8 54. Re7+ Kd8 55. Rf7 h5 56. Rxf5 Kd7 57. Rf6 1/2-1/2

[Event "DVM U20 2007"]
[Site "Kelheim GER"]
[Date "2007.12.28"]
[Round "3"]
[White "Hentze, Markus"]
[Black "Schneider, Christian"]
[Result "0-1"]
[Termination "normal"]
[Board "6.2"]
[WhiteElo "1932"]
[BlackElo "2064"]
[WhiteTeam "SC Leipzig-Gohlis"]
[BlackTeam "SG Blau-Weiß Stadtilm"]
[PlyCount "104"]
[WhiteFideId "4670922"]
[BlackFideId "24613886"]
[EventCountry "GER"]
[EventRounds "7"]
[EventType "team-swiss"]
[EventDate "2007.12.26"]

1. e4 c6 2. d4 d5 3. Nc3 dxe4 4. Nxe4 Nd7 5. Nf3 Ngf6 6. Ng3 e6 7. Bd3 Be7 8.
b3 O-O 9. Bb2 Nd5 10. Qd2 Qc7 11. O-O Nf4 12. Rad1 Nxd3 13. Qxd3 b6 14. Ne4 Nf6
15. Nxf6+ Bxf6 16. Qe2 Bb7 17. Nd2 c5 18. Ne4 Bxe4 19. Qxe4 Rad8 20. c3 cxd4
21. cxd4 Rd5 22. g3 Rfd8 23. Rc1 Qd6 24. Ba1 g6 25. Rc2 Bxd4 26. Bxd4 Rxd4 27.
Qb7 Rd7 28. Qf3 Kg7 29. Rc6 Qd5 30. Qc3 e5 31. Rc7 h5 32. h4 a5 33. a3 Rxc7 34.
Qxc7 Rd3 35. Rb1 Qd4 36. Kg2 Qe4+ 37. Kh2 Rf3 38. Rb2 Qd4 39. Qc2 e4 40. Kg2
Rd3 41. Qe2 e3 42. fxe3 Rxe3 43. Qd2 Qxd2+ 44. Rxd2 Rxb3 45. Rf2 Rxa3 46. Rb2
a4 47. Rxb6 Rb3 48. Ra6 a3 49. Kh2 Rb2+ 50. Kh3 a2 51. Ra7 Kf6 52. Ra5 Ke6 0-1

[Event "DVM U20 2007"]
[Site "Kelheim GER"]
[Date "2007.12.28"]
[Round "3"]
[White "Hoffmann, Lena"]
[Black "Dück, Stefan"]
[Result "0-1"]
[Termination "normal"]
[Board "6.3"]
[WhiteElo "1876"]
[BlackElo "2029"]
[WhiteTeam "SG Blau-Weiß Stadtilm"]
[BlackTeam "SC Leipzig-Gohlis"]
[PlyCount "80"]
[WhiteFideId "24626597"]
[BlackFideId "4681355"]
[EventCountry "GER"]
[EventRounds "7"]
[EventType "team-swiss"]
[EventDate "2007.12.26"]

1. b3 Nf6 2. Bb2 g6 3. g3 Bg7 4. Bg2 O-O 5. e3 d6 6. Ne2 e5 7. O-O Nc6 8. d3
Bd7 9. Nd2 Qc8 10. d4 Bh3 11. a3 Re8 12. c4 e4 13. Qc2 Bxg2 14. Kxg2 Qg4 15.
Nc3 Rad8 16. d5 Nb8 17. h3 Qf5 18. Nb5 c6 19. Nd4 Qd7 20. dxc6 Nxc6 21. Ne2 d5
22. Rad1 Ne5 23. cxd5 Qxd5 24. Nc4 Nd3 25. Bd4 b5 26. Nc3 Qc6 27. Na5 Qc7 28.
b4 Nd5 29. Nb3 Bxd4 30. Nxd4 Qxc3 31. Qxc3 Nxc3 32. Rd2 a6 33. Kg1 Ne5 34. Rc2
Na4 35. Rfc1 Nd3 36. Rd1 Rc8 37. Rcd2 Nc3 38. Ra1 Ne5 39. Rc2 Rc4 40. Rd2 Rxd4
0-1

[Event "DVM U20 2007"]
[Site "Kelheim GER"]
[Date "2007.12.28"]
[Round "3"]
[White "Hänse, Felix"]
[Black "Berner, Stephan"]
[Result "1-0"]
[Termination "normal"]
[Board "6.4"]
[WhiteElo "1727"]
[BlackElo "1912"]
[WhiteTeam "SC Leipzig-Gohlis"]
[BlackTeam "SG Blau-Weiß Stadtilm"]
[PlyCount "95"]
[BlackFideId "24613126"]
[EventCountry "GER"]
[EventRounds "7"]
[EventType "team-swiss"]
[EventDate "2007.12.26"]

1. Nf3 d5 2. g3 Nf6 3. d3 c5 4. Bg2 Nc6 5. O-O e6 6. Bg5 Be7 7. Nfd2 h6 8. Bxf6
Bxf6 9. Nc3 Qa5 10. Nb3 Qb6 11. Na4 Qb5 12. Nbxc5 Na5 13. Rc1 O-O 14. c4 dxc4
15. dxc4 Qe8 16. b4 Nc6 17. b5 Nd8 18. Qd6 Qd7 19. Ne4 Qxd6 20. Nxd6 Be7 21.
Rfd1 Rb8 22. b6 a6 23. Nc5 g6 24. Rc2 Kg7 25. Rcd2 Rh8 26. Nxc8 Bxc5 27. Rxd8
Rxc8 28. Rxh8 Rxh8 29. Bxb7 Bxb6 30. Rd6 Bc5 31. Rc6 Be7 32. Bxa6 Ra8 33. a4
Bb4 34. c5 Bxc5 35. Rxc5 Rxa6 36. a5 Ra7 37. Kg2 Kf6 38. Kf3 Ke7 39. Ke3 Kd6
40. Kd4 Rb7 41. e4 Rb2 42. e5+ Kd7 43. Kc4 Rb8 44. a6 Rc8 45. Kb5 Rb8+ 46. Ka5
Rb2 47. a7 Rb1 48. Ka6 1-0

[Event "DVM U20 2007"]
[Site "Kelheim GER"]
[Date "2007.12.28"]
[Round "3"]
[White "Bohne, Alexander"]
[Black "Wolff, Christoph"]
[Result "0-1"]
[Termination "normal"]
[Board "6.6"]
[WhiteElo "1394"]
[BlackElo "1665"]
[WhiteTeam "SC Leipzig-Gohlis"]
[BlackTeam "SG Blau-Weiß Stadtilm"]
[PlyCount "90"]
[WhiteFideId "24659533"]
[BlackFideId "24659495"]
[EventCountry "GER"]
[EventRounds "7"]
[EventType "team-swiss"]
[EventDate "2007.12.26"]

1. d4 d5 2. c4 e6 3. Nf3 Nf6 4. Bg5 Be7 5. e3 Nbd7 6. Nbd2 O-O 7. Bd3 c6 8. O-O
a6 9. Qc2 h6 10. Bh4 dxc4 11. Nxc4 c5 12. Rad1 cxd4 13. Rfe1 dxe3 14. Bxf6
exf2+ 15. Qxf2 Bxf6 16. Qe3 b5 17. Qe4 g6 18. Qxa8 bxc4 19. Be4 Qb6+ 20. Kh1
Qxb2 21. Qc6 Qb5 22. Qxb5 axb5 23. Bc6 Nc5 24. Bxb5 c3 25. Rd6 Bb7 26. Bc6 Rc8
27. Bxb7 Nxb7 28. Rb6 Nc5 29. Rc1 Nd3 30. Rc2 g5 31. g4 Nf2+ 32. Rxf2 c2 33.
Rxc2 Rxc2 34. a4 Rc4 35. a5 Rxg4 36. a6 Ra4 37. Kg2 g4 38. Ne1 Bd4 39. Rd6 Ra2+
40. Kh1 Be5 41. Rd8+ Kg7 42. Nd3 Bf6 43. Ra8 Bd4 44. Nb4 Ra1+ 45. Kg2 Rg1# 0-1

[Event "DVM U20 2007"]
[Site "Kelheim GER"]
[Date "2007.12.28"]
[Round "3"]
[White "Lindenberg, Georg"]
[Black "Hofmann, Annett"]
[Result "0-1"]
[Termination "normal"]
[Board "7.2"]
[WhiteElo "2135"]
[BlackElo "1973"]
[WhiteTeam "SGem Pang/Rosenheim"]
[BlackTeam "SF Hettstedt"]
[PlyCount "50"]
[WhiteFideId "24612170"]
[BlackFideId "24603759"]
[EventCountry "GER"]
[EventRounds "7"]
[EventType "team-swiss"]
[EventDate "2007.12.26"]

1. e4 c5 2. Nf3 Nc6 3. Bb5 Na5 4. d4 cxd4 5. Nxd4 a6 6. Bd3 Qc7 7. O-O e6 8.
Kh1 Bc5 9. Nb3 Nxb3 10. axb3 b5 11. Bxb5 Bb7 12. Bd3 Nf6 13. Qe2 h5 14. f3 h4
15. Bd2 Nh5 16. Be1 Ng3+ 17. Bxg3 hxg3 18. h3 Rh4 19. Rd1 Ke7 20. Qd2 Rah8 21.
Bf1 Rxe4 22. Nc3 Re3 23. Re1 Rxf3 24. Ne4 Rxf1+ 25. Rxf1 Rxh3+ 0-1

[Event "DVM U20 2007"]
[Site "Kelheim GER"]
[Date "2007.12.28"]
[Round "3"]
[White "Friedrich, Kai"]
[Black "Berchtenbreiter, Maximilian"]
[Result "0-1"]
[Termination "normal"]
[Board "7.3"]
[WhiteElo "1898"]
[BlackElo "2030"]
[WhiteTeam "SF Hettstedt"]
[BlackTeam "SGem Pang/Rosenheim"]
[PlyCount "36"]
[WhiteFideId "24609820"]
[BlackFideId "24641120"]
[EventCountry "GER"]
[EventRounds "7"]
[EventType "team-swiss"]
[EventDate "2007.12.26"]

1. e4 c5 2. Nc3 Nc6 3. f4 d6 4. d3 g6 5. Nf3 Bg7 6. Be2 e6 7. O-O Nge7 8. Be3
O-O 9. d4 cxd4 10. Nxd4 Nxd4 11. Bxd4 e5 12. Be3 Be6 13. Bf3 exf4 14. Bxf4 Qb6+
15. Kh1 Qxb2 16. Qxd6 Nc8 17. Rab1 Qxc3 18. Qd1 Nb6 0-1

[Event "DVM U20 2007"]
[Site "Kelheim GER"]
[Date "2007.12.28"]
[Round "3"]
[White "Baldauf, Manuel"]
[Black "Kunth, Tobias"]
[Result "0-1"]
[Termination "normal"]
[Board "7.4"]
[WhiteElo "1789"]
[BlackElo "2087"]
[WhiteTeam "SGem Pang/Rosenheim"]
[BlackTeam "SF Hettstedt"]
[PlyCount "38"]
[WhiteFideId "4648528"]
[BlackFideId "24637319"]
[EventCountry "GER"]
[EventRounds "7"]
[EventType "team-swiss"]
[EventDate "2007.12.26"]

1. e4 b6 2. Nc3 Bb7 3. d4 e6 4. Bd3 Nf6 5. Be3 Bb4 6. f3 d6 7. Nge2 O-O 8. a3
Bxc3+ 9. Nxc3 c5 10. Qd2 Nc6 11. Ne2 cxd4 12. Nxd4 Ne5 13. Be2 d5 14. exd5 Nxd5
15. Bf2 Rc8 16. O-O Qf6 17. Rac1 Rfd8 18. c4 Nf4 19. Qe3 Rxd4 0-1

[Event "DVM U20 2007"]
[Site "Kelheim GER"]
[Date "2007.12.28"]
[Round "3"]
[White "Kaczmarek, Felix"]
[Black "Uhlmann, David"]
[Result "1-0"]
[Termination "normal"]
[Board "7.5"]
[WhiteElo "1814"]
[BlackElo "2004"]
[WhiteTeam "SF Hettstedt"]
[BlackTeam "SGem Pang/Rosenheim"]
[PlyCount "79"]
[WhiteFideId "24659444"]
[BlackFideId "24641901"]
[EventCountry "GER"]
[EventRounds "7"]
[EventType "team-swiss"]
[EventDate "2007.12.26"]

1. c4 Nf6 2. Nc3 e6 3. e4 d6 4. g3 c5 5. Bg2 Nc6 6. Nge2 e5 7. O-O h5 8. h4 Be6
9. d3 Qd7 10. a3 Be7 11. Kh1 Ng4 12. f3 Nf6 13. f4 Bg4 14. Qe1 Nd4 15. Nxd4
cxd4 16. Nd5 Nxd5 17. exd5 Bf6 18. fxe5 Bxe5 19. Bf4 f6 20. Bxe5 fxe5 21. Qe4
O-O-O 22. b4 Bh3 23. Rf2 g6 24. Kh2 Bf5 25. Qe2 Rhf8 26. Raf1 b6 27. Be4 Bg4
28. Qe1 Bf5 29. Qc1 Kb8 30. c5 Qc8 31. c6 Kc7 32. Qg5 b5 33. Bxf5 gxf5 34. Rxf5
Kb6 35. Qe7 Rfe8 36. Qf7 e4 37. Qg7 e3 38. Rf7 Qa8 39. Rb7+ Ka6 40. Qc7 1-0